[Event "Wiesbaden op 27th"]
[Site "Wiesbaden"]
[Date "2015.08.30"]
[Round "6"]
[White "Glaesser, Leonhard"]
[Black "Ungurean, Daniela"]
[Result "0-1"]
[WhiteElo "1403"]
[BlackElo "1641"]
[PlyCount "74"]
[EventDate "2015.08.27"]
[EventType "swiss"]
[EventRounds "7"]
[EventCountry "GER"]
[SourceTitle "EXT 2016"]
[Source "ChessBase"]
[SourceDate "2015.10.08"]
[SourceVersion "1"]
[SourceVersionDate "2015.10.08"]
[SourceQuality "1"]

1. Nf3 Nc6 2. c4 e5 3. Nc3 Nf6 4. e3 Be7 5. Be2 0-0 6. 0-0 d6 7. d4 exd4 8. exd4 Bg4 9. h3 Bh5 10. b3 d5 11. Bg5 dxc4 12. bxc4 h6 13. Be3 a6 14. a3 Re8 15. Qd2 Na5 16. Rab1 Bxf3 17. Bxf3 Nxc4 18. Qa2 Nxe3 19. fxe3 Rb8 20. Bxb7 Bf8 21. Rfe1 Qd6 22. Bd5 Nxd5 23. Rxb8 Rxb8 24. Nxd5 Qe6 25. e4 c6 26. Nc3 Qxa2 27. Nxa2 Bxa3 28. Rd1 Rd8 29. d5 cxd5 30. Rxd5 Rxd5 31. exd5 Kf8 32. Kf2 Ke7 33. Ke3 g6 34. Nc3 f5 35. g4 Bc1+ 36. Kd3 Kd6 37. Kc4 Bd2 0-1